000 00276nam a2200109Ia 4500
008 200302s9999 xx 000 0 und d
100 _aBoesiger
245 _aLe Corbusier et Son Atelier Rue de Sevres 35
260 _bThames and Hudson Ltd.
260 _c1965
300 _a239 P.,
999 _c2221
_d2221